Estatísticas para Quiz do Mapa das Capitais da América do Norte

Clique aqui para jogar o quiz

Estatísticas Gerais

  • Esse quiz foi jogado 2 472 vezes
  • A pontuação média é 12 de 23

Respostas no mapa

Respostas codificadas por cores de uma escala verde-vermelha no mapa do quiz de acordo com a % correta abaixo.
 

Estatísticas das Respostas

Resposta% Correto
Washington D.C.
95%
Cidade do México
94%
Ottawa
90%
Cidade do Panamá
82%
Havana
81%
Cidade da Guatemala
66%
San Salvador
61%
Porto Príncipe
53%
Kingston
52%
Nassau
52%
San José
50%
Manágua
49%
Santo Domingo
49%
Tegucigalpa
44%
Port-of-Spain
42%
Belmopan
41%
Bridgetown
27%
Saint George's
26%
Roseau
25%
Castries
23%
Kingstown
23%
Saint John's
22%
Basseterre
21%

Distribuição das Pontuações

Percentil de Números Respondidos

Porcentagem de Pessoas com Cada Pontuação

Sua Pontuação Histórica

Você não jogou esse quiz